000 00553nam a22001817i 4500
999 _c22820
_d22820
003 AR-CdUCM
008 240409b20232023pe ||||| |||| 00| 0 spa d
020 _a978-612-48107-8-7
040 _aMUNICIPALIDAD PROVINCIAL DEL CUSCO
_cBIBLIOTECA MUNICIPAL DEL CUSCO
041 _hspa
082 _a869.56 / R7816J
_bR7816J
_22023
100 _aRojas Loyola, Lis Geraldine
_949526
245 _aEl Juego del Aire /
260 _aLima :
_bL & R Consulting Corp.,
_c2023
300 _a40 páginas. :
_c21 cm.
942 _2ddc
_cLIBROS
945 _apbj
_d2024-04-08